000 00312nam a2200133Ia 4500
005 20260326235457.0
008 260326s9999||||xx |||||||||||||| ||und||
100 _aLanini, Luca
245 0 _aVázquez Consuegra /
_cLuca Lanini
260 _bEdil Stampa
300 _a167 p.
650 _aARQUITECTOS
942 _cBK
999 _c7969
_d7969